| 000 | 00620nam#a2200229#c#4500 | ||
|---|---|---|---|
| 003 | IEF | ||
| 005 | 20180219155415.0 | ||
| 008 | 950601s1976 uuu####fr####| 0||u| |u | ||
| 040 | _aIEF | ||
| 100 | 1 |
_aRivero Ysern, José Luis _937639 |
|
| 245 | _aEl Contrato Administrativo de Suministros | ||
| 260 |
_aSevilla _b Univ. _c1976 |
||
| 300 |
_aXX, 238 p. _c 22 cm |
||
| 500 | _aBibliografía | ||
| 490 | _aInstituto García Oviedo, v. 40 | ||
| 650 | 4 |
_aCONTRATOS ADMINISTRATIVOS _940436 |
|
| 650 | 4 |
_aCONTRATO DE SUMINISTROS _940928 |
|
| 650 | 4 |
_aESPAÑA _941092 |
|
| 942 | _cLIB | ||
| 942 | _z54631 | ||
| 999 |
_c48382 _d48382 |
||